000 00235nmm a2200085Ia 4500
008 220120s9999||||xx |||||||||||||||||und||
100 _aVision Interactive System
245 0 _aAnalog Electronics
260 _aVision Interactive System
_c2012
999 _c139719
_d139719